000 00807nam a2200289Ia 4500
008 160803s9999 xx 000 0 und d
020 _a978-0439429351
100 _aStamper, Judith Bauer
245 _aVoyage to the volcano /
245 _cwritten by Judith Stamper ; illustrations by John Speirs.
260 _aNew York :
260 _bScholastic Inc.
260 _c2003
300 _a87 pages :
300 _billustrations ;
300 _c20 cm.
440 _aMagic School Bus, a science chapter book,
440 _v#15.
650 _aChildren's stories.
650 _aFiction.
650 _aVolcanoes --
650 _xJuvenile fiction.
650 _xVolcanoes --
650 _xVolcanoes.
700 _a620
700 _aMagic school bus science chapter book, other title.
999 _c298573
_d298573